Lenguaje y comunicación 5: Quinto año de Educación General Básica, NB3
Saved in:
| Main Authors: | , |
|---|---|
| Format: | Bog |
| Sprog: | spansk |
| Udgivet: |
Santiago
EDEBE
2001
|
| Fag: | |
| Tags: |
Tilføj Tag
Ingen Tags, Vær først til at tagge denne postø!
|
MARC
| LEADER | 00000nam a2200000 a 4500 | ||
|---|---|---|---|
| 001 | UCN7827 | ||
| 003 | CL-VaPUC | ||
| 008 | 011026e20010000CL |||||||||||||||||spa|d | ||
| 082 | 0 | 4 | |a 372.6 |b FER |2 21 |
| 100 | 0 | |a Fernández Fraile, Maximino |e author |9 463971 | |
| 700 | 0 | |a Xandre Robotham, Ana María |e author |9 463972 | |
| 245 | 1 | 0 | |a Lenguaje y comunicación 5: Quinto año de Educación General Básica, NB3 |
| 300 | |a 232 p | ||
| 942 | |c BK | ||
| 945 | |d 20011026 00:00:00 |a cmena | ||
| 260 | |a Santiago |b EDEBE |c 2001 | ||
| 650 | 0 | |a Educación básica |9 224933 | |
| 650 | 0 | |a Enseñanza del lenguaje |9 373325 | |
| 650 | 0 | |a Comunicación |9 257251 | |
| 650 | 0 | |a Métodos de enseñanza |9 270413 | |
| 583 | |a last modification |c 20011026 00:00:00 |k Rodrigo Vera | ||
| 999 | |c 298023 |d 298021 | ||
| 952 | |0 0 |1 0 |4 0 |6 372_600000000000000_FER_2001 |7 0 |8 P |9 353214 |a BIBEDU |b BIBEDU |c BIBEDU_PB |d 2019-11-21 |i 3765857 |o 372.6 FER 2001 |p 3765857 |r 2024-01-25 |w 2019-11-21 |y BK |k BME | ||